O meu primeiro beijo (Registo nº 771)
[ vista simples ]
| 000 -Etiqueta do registo | |
|---|---|
| Cabeçalho | 00782nam0a2200265 4500 |
| 005 - Identificador da versão | |
| Campo de controlo | 20240813121814.0 |
| 010 ## - Número internacional normalizado dos livros (ISBN) | |
| Número (ISBN) | 9722025961 |
| 021 ## - Número do Depósito Legal | |
| Código do país | PT |
| Número | 212 105/04 |
| 100 ## - Dados gerais de processamento | |
| Dados gerais de processamento | 20160314d2004 a e0pory5003 ba |
| 102 ## - Pais de publicação ou produção | |
| País de publicação | Portugal |
| 101 1# - Língua de publicação | |
| Língua do texto, banda sonora, etc. | Português |
| Língua do documento no original | Inglês |
| 215 ## - Descrição física | |
| Indicação específica da natureza do documento e extensão da espécie | 152 p |
| 200 1# - Titulo e menção de responsabilidade | |
| Título próprio | O meu primeiro beijo |
| Informação de outro título | e outros traumas |
| Primeira menção de responsabilidade | Adam Bagdasarian |
| Outras menções de responsabilidade | trad. Susana Serras Pereira |
| 225 2# - Colecção | |
| Título próprio da colecção | Minoria absoluta |
| Indicação de volume | 31 |
| 205 ## - Menção da edição | |
| Menção da edição | 1ª ed |
| 210 ## - Publicação, Distribuição, etc. | |
| Lugar da edição, distribuição, etc. | Lisboa |
| Nome do editor, distribuidor, etc. | Dom Quixote |
| Data da publicação, distribuição, etc. | 2004 |
| 606 ## - Nome comum usado como assunto | |
| Número de registo de entrada de autoridade | 0002792 |
| Palavra de ordem | Literatura americana |
| Subdivisão de assunto | Diários íntimos |
| Código do sistema | CA |
| 675 ## - Classificação Decimal Universal (CDU) | |
| Notação | 821.111(73)-94 |
| Edição | 3ª ed. |
| Língua da edição | por |
| 702 #1 - Nome de autor-pessoa física (responsabilidade secundária) | |
| Número de registo de entrada de autoridade | 0002794 |
| Palavra de ordem | Pereira |
| Outra parte do nome não tomada para palavra de ordem | Susana Serras |
| Código de função | Tradutor |
| 700 #1 - Nome de autor-pessoa física (responsabilidade principal) | |
| Número de registo de entrada de autoridade | 0001079 |
| Palavra de ordem | Bagdasarian |
| Outra parte do nome não tomada para palavra de ordem | Adam |
| 966 ## - Identificação da Biblioteca | |
| Sigla | EB2,3ENM |
| 942 ## - Elementos de entrada adicionados (Koha) | |
| Tipo de item no Koha | Livro |
| Situação do levantamento | Origin of item (home branch) (coded) | Biblioteca de empréstimo | Código de barras | Cota | Circulation type (not for loan) | Tipo de documento | Nota do exemplar | Damaged status |
|---|---|---|---|---|---|---|---|---|
| Biblioteca Escolar Eng. Nuno Mergulhão | Biblioteca Escolar Eng. Nuno Mergulhão | BENM1488 | 8EST BAG | Livro | Sem mensagem | |||
| Biblioteca Escolar Eng. Nuno Mergulhão | Biblioteca Escolar Eng. Nuno Mergulhão | BENM1489 | 82LE-9 BAG | Livro | Sem mensagem | |||
| Biblioteca Escolar Eng. Nuno Mergulhão | Biblioteca Escolar Eng. Nuno Mergulhão | BENM1490 | 82LE-9 BAG | Livro | Sem mensagem | |||
| Biblioteca Escolar Eng. Nuno Mergulhão | Biblioteca Escolar Eng. Nuno Mergulhão | BENM1491 | 82LE-9 BAG | Livro | Sem mensagem |
